[Event "Bundesliga 2021-22"]
[Site "Viernheim GER"]
[Date "2022.03.05"]
[Round "1.1"]
[Board "1"]
[White "Braeuer, Franz"]
[Black "Amin, Bassem"]
[Result "1/2-1/2"]
[WhiteTitle "IM"]
[BlackTitle "GM"]
[WhiteElo "2428"]
[BlackElo "2683"]
[WhiteTeam "BCA Augsburg"]
[BlackTeam "SC Viernheim"]
[WhiteFideId "24634468"]
[BlackFideId "10601457"]
[EventDate "2022.03.05"]

1. e4 e5 2. Nf3 Nc6 3. Bb5 a6 4. Ba4 Nf6 5. Nc3 Be7 6. O-O b5 7. Bb3 d6 8. a4
Bg4 9. axb5 Nd4 10. Bc4 Bxf3 11. gxf3 O-O 12. Nd5 Nh5 13. f4 Nxf4 14. bxa6 Bg5
15. Nxf4 Bxf4 16. h3 c6 17. c3 Ne6 18. Re1 d5 19. exd5 cxd5 20. Bf1 e4 21. d3 f5
22. Bxf4 Nxf4 23. Re3 Qg5+ 24. Rg3 Qh6 25. dxe4 dxe4 26. Qd4 Nh5 27. Rg2 Nf4 28.
Rg3 Nh5 29. Rg2 Nf4 30. Rg3 1/2-1/2

[Event "Bundesliga 2021-22"]
[Site "Viernheim GER"]
[Date "2022.03.05"]
[Round "1.1"]
[Board "2"]
[White "Fedorchuk, Sergey A."]
[Black "Schmittdiel, Eckhard"]
[Result "1-0"]
[WhiteTitle "GM"]
[BlackTitle "GM"]
[WhiteElo "2604"]
[BlackElo "2402"]
[WhiteTeam "SC Viernheim"]
[BlackTeam "BCA Augsburg"]
[WhiteFideId "14102536"]
[BlackFideId "4600096"]
[EventDate "2022.03.05"]

1. e4 e6 2. d4 d5 3. Nd2 f5 4. exf5 exf5 5. Ndf3 Bd6 6. Bg5 Nf6 7. Qe2+ Qe7 8.
Bxf6 gxf6 9. O-O-O Qxe2 10. Nxe2 Nc6 11. g3 Ne7 12. Ne1 Ng6 13. Ng2 c6 14. h4 h5
15. Nef4 Nxf4 16. Nxf4 Kf7 17. Be2 Bxf4+ 18. gxf4 Bd7 19. Rhg1 Rae8 20. Bf3 Re7
21. Kd2 Be8 22. Rde1 Rxe1 23. Rxe1 Kf8 24. Re6 Rh6 25. Be2 b6 26. Bf3 Bd7 27.
Re3 Rh7 28. a4 Be8 29. a5 bxa5 30. Ra3 Rb7 31. b3 Ke7 32. Rxa5 Kd6 33. Ra6 Bf7
34. Be2 Be8 35. Bd3 Bd7 36. Ra1 Be6 37. Rg1 Rh7 38. Rg6 Ke7 39. Kc3 a5 40. Kb2
Kf7 41. Rg1 Rh8 42. Be2 Ke7 43. Kc3 Bf7 44. Bd3 Rg8 45. Rxg8 Bxg8 46. Bxf5 Be6
47. Bg6 Bg4 48. b4 axb4+ 49. Kxb4 Kd6 50. Kc3 c5 51. Kd3 c4+ 52. Ke3 Ke6 53. c3
Bd1 54. f3 f5 55. Bxh5 Ba4 56. Kd2 Kf6 57. Kc1 Kg7 58. Kb2 Bd1 59. Ka3 Kh6 60.
Be8 Bxf3 61. Kb4 Bh5 62. Bxh5 Kxh5 63. Kc5 1-0

[Event "Bundesliga 2021-22"]
[Site "Viernheim GER"]
[Date "2022.03.05"]
[Round "1.1"]
[Board "3"]
[White "Costa, Leonardo"]
[Black "Braun, Arik"]
[Result "0-1"]
[WhiteTitle "FM"]
[BlackTitle "GM"]
[WhiteElo "2320"]
[BlackElo "2587"]
[WhiteTeam "BCA Augsburg"]
[BlackTeam "SC Viernheim"]
[WhiteFideId "16213955"]
[BlackFideId "4663527"]
[EventDate "2022.03.05"]

1. e4 c5 2. Nf3 e6 3. d4 cxd4 4. Nxd4 a6 5. Bd3 Nf6 6. O-O Qc7 7. Qe2 d6 8. c4
g6 9. Nc3 Bg7 10. Nf3 O-O 11. Bf4 Nh5 12. Be3 Bxc3 13. bxc3 e5 14. Rfd1 Nd7 15.
Qd2 Re8 16. Be2 Nhf6 17. Qc2 Nc5 18. Nd2 Be6 19. Rab1 Nfd7 20. Nb3 b6 21. f3 Nb7
22. Nd2 Rab8 23. Bf1 Rec8 24. Rb4 Qd8 25. Qd3 Rc6 26. Qe2 Na5 27. Qf2 Qc7 28. h4
f6 29. a3 Kf7 30. h5 g5 31. Qe2 Ke7 32. Rdb1 Bf7 33. h6 Be6 34. g3 Qd8 35. Qf2
Nc5 36. Qh2 Qg8 37. Kh1 Nd7 38. Qe2 Rbc8 39. Bxb6 Nxc4 40. Bg1 Nxa3 41. Rc1 Qf8
42. Qh2 Rxc3 43. Rxc3 Rxc3 44. Bxa6 g4 45. fxg4 Bxg4 46. Qh4 Be6 47. Rb2 Qg8 48.
Kh2 Rc2 49. Rxc2 Nxc2 50. Be2 Qa8 51. Bg4 Qa5 52. Nf3 Ne1 53. Nxe1 Qxe1 54. Bxe6
Qe2+ 55. Kh3 Kxe6 56. Qg4+ Qxg4+ 57. Kxg4 Nc5 58. Kf3 Kf7 59. Be3 Kg6 60. Bc1
Nb3 61. Be3 Nd4+ 62. Kf2 Ne6 63. Ke2 Ng5 64. Kd3 Kxh6 65. Kc4 Kh5 66. Kd5 Kg4
67. Kxd6 Nxe4+ 68. Ke6 h5 0-1

[Event "Bundesliga 2021-22"]
[Site "Viernheim GER"]
[Date "2022.03.05"]
[Round "1.1"]
[Board "4"]
[White "Wagner, Dennis"]
[Black "Rupprecht, Andreas"]
[Result "1-0"]
[WhiteTitle "GM"]
[BlackTitle "IM"]
[WhiteElo "2584"]
[BlackElo "2389"]
[WhiteTeam "SC Viernheim"]
[BlackTeam "BCA Augsburg"]
[WhiteFideId "24650684"]
[BlackFideId "4693019"]
[EventDate "2022.03.05"]

1. d4 f5 2. Nf3 Nf6 3. c4 g6 4. Nc3 Bg7 5. b4 O-O 6. e3 e6 7. Be2 Qe7 8. Qb3 Nc6
9. Ba3 d6 10. O-O Ng4 11. b5 Nd8 12. c5 Nf7 13. Rac1 b6 14. h3 Ngh6 15. e4 fxe4
16. Nxe4 Nf5 17. Rfd1 Bb7 18. c6 Bc8 19. Bb2 Nh4 20. Ned2 Kh8 21. Bc4 Nxf3+ 22.
Nxf3 Ng5 23. Nxg5 Qxg5 24. Rc3 e5 25. Rg3 Qh5 26. dxe5 Bxe5 27. Re1 1-0

[Event "Bundesliga 2021-22"]
[Site "Viernheim GER"]
[Date "2022.03.05"]
[Round "1.1"]
[Board "7"]
[White "Mueller, Werner1"]
[Black "Beikert, Guenther"]
[Result "0-1"]
[WhiteTitle "FM"]
[BlackTitle "IM"]
[WhiteElo "2062"]
[BlackElo "2369"]
[WhiteTeam "BCA Augsburg"]
[BlackTeam "SC Viernheim"]
[WhiteFideId "4603036"]
[BlackFideId "4614186"]
[EventDate "2022.03.05"]

1. e4 c5 2. Nf3 d6 3. d3 Nc6 4. g3 g6 5. Bg2 Bg7 6. O-O e5 7. Nbd2 Nge7 8. a4
O-O 9. Nc4 h6 10. Nfd2 Be6 11. f4 Qd7 12. fxe5 dxe5 13. Nb3 b6 14. a5 Rab8 15.
axb6 axb6 16. Bd2 Nd4 17. Nxd4 Qxd4+ 18. Be3 Qd8 19. Qe2 Nc6 20. Ra6 Qc7 21.
Rfa1 Rfd8 22. Bf3 b5 23. Na5 Nb4 24. Rxe6 fxe6 25. Nb3 Bf8 26. Bg4 Rb6 27. Qf2
Rc6 28. Rf1 Qe7 29. Qd2 c4 30. Na5 Ra6 31. Rxf8+ Rxf8 32. Nb7 Qxb7 33. Qxb4 Ra1+
34. Kg2 Qf7 35. Be2 cxd3 36. cxd3 Rf1 0-1

[Event "Bundesliga 2021-22"]
[Site "Viernheim GER"]
[Date "2022.03.05"]
[Round "1.2"]
[Board "1"]
[White "Bartel, Mateusz"]
[Black "Van Foreest, Jorden"]
[Result "1/2-1/2"]
[WhiteTitle "GM"]
[BlackTitle "GM"]
[WhiteElo "2616"]
[BlackElo "2714"]
[WhiteTeam "USV TU Dresden"]
[BlackTeam "SG Solingen"]
[WhiteFideId "1112635"]
[BlackFideId "1039784"]
[EventDate "2022.03.05"]

1. e4 e5 2. Nf3 Nc6 3. Bc4 Nf6 4. d3 Bc5 5. Nbd2 O-O 6. h3 a5 7. a4 d6 8. Nf1
Be6 9. Ng3 Bxc4 10. dxc4 h6 11. Qd3 Qd7 12. Nf5 Rfe8 13. N3h4 Kh7 14. c3 Nd8 15.
Ne3 Bxe3 16. Bxe3 Ne6 17. O-O Qc6 18. f3 Nh5 19. b3 Qd7 20. Kh2 Qd8 21. Bf2 g6
22. g3 b6 23. Ng2 Qd7 24. Be3 Nc5 25. Qc2 Qe6 26. Rad1 Nf6 27. Rd2 1/2-1/2

[Event "Bundesliga 2021-22"]
[Site "Viernheim GER"]
[Date "2022.03.05"]
[Round "1.2"]
[Board "2"]
[White "Ragger, Markus"]
[Black "Pechac, Jergus"]
[Result "1/2-1/2"]
[WhiteTitle "GM"]
[BlackTitle "GM"]
[WhiteElo "2647"]
[BlackElo "2599"]
[WhiteTeam "SG Solingen"]
[BlackTeam "USV TU Dresden"]
[WhiteFideId "1610856"]
[BlackFideId "14926970"]
[EventDate "2022.03.05"]

1. e4 e5 2. Nf3 Nc6 3. Bb5 Nge7 4. Nc3 Ng6 5. d4 Nxd4 6. Nxd4 exd4 7. Qxd4 c6 8.
Be2 Qb6 9. Qd3 Be7 10. O-O O-O 11. a4 d6 12. a5 Qc7 13. f4 Bd7 14. Qc4 Qc8 15.
Be3 Re8 16. Bd3 b5 17. axb6 axb6 18. Rxa8 Qxa8 19. Bxb6 Rb8 20. Be3 Rxb2 21. Ne2
c5 22. Qc3 Rb4 23. Ng3 Bc6 24. Qd2 Qb7 25. Qe2 Bf6 26. Bd2 Rb1 27. Nf5 Rxf1+ 28.
Kxf1 Qb1+ 29. Qe1 Qb8 30. g3 Ne7 31. Ne3 Bd7 32. c3 g6 33. Qb1 Qxb1+ 1/2-1/2

[Event "Bundesliga 2021-22"]
[Site "Viernheim GER"]
[Date "2022.03.05"]
[Round "1.2"]
[Board "3"]
[White "Vogel, Roven"]
[Black "L'Ami, Erwin"]
[Result "0-1"]
[WhiteTitle "IM"]
[BlackTitle "GM"]
[WhiteElo "2447"]
[BlackElo "2621"]
[WhiteTeam "USV TU Dresden"]
[BlackTeam "SG Solingen"]
[WhiteFideId "12908088"]
[BlackFideId "1007998"]
[EventDate "2022.03.05"]

1. Nf3 d5 2. g3 Bg4 3. Bg2 Nd7 4. O-O e6 5. d3 Bd6 6. Nbd2 Ne7 7. b3 O-O 8. Bb2
a5 9. c4 a4 10. d4 c6 11. c5 Bc7 12. b4 f5 13. e3 g5 14. h3 Bxf3 15. Qxf3 Nf6
16. Qe2 Ng6 17. f4 gxf4 18. exf4 Ne4 19. Bxe4 fxe4 20. Rf2 Rf7 21. Nf1 Rg7 22.
Kh2 Ne7 23. Ne3 Qe8 24. Rg1 Qg6 25. Ng4 Nf5 26. Ne5 Bxe5 27. fxe5 Nh4 28. Bc1
Nf3+ 29. Rxf3 exf3 30. Qxf3 Qc2+ 31. Qg2 Qd3 32. Qf2 Rf8 33. Bf4 h5 34. h4 Rg4
35. Rg2 Kh7 36. Qd2 Qe4 37. Rf2 Rf5 38. Rf1 a3 39. Rf2 Qb1 40. Qc3 Rfxf4 0-1

[Event "Bundesliga 2021-22"]
[Site "Viernheim GER"]
[Date "2022.03.05"]
[Round "1.2"]
[Board "4"]
[White "Warmerdam, Max"]
[Black "Druska, Juraj"]
[Result "0-1"]
[WhiteTitle "GM"]
[BlackTitle "IM"]
[WhiteElo "2600"]
[BlackElo "2503"]
[WhiteTeam "SG Solingen"]
[BlackTeam "USV TU Dresden"]
[WhiteFideId "1048104"]
[BlackFideId "14915650"]
[EventDate "2022.03.05"]

1. Nf3 d5 2. g3 Nc6 3. d4 Bf5 4. Bg2 e6 5. O-O Nb4 6. Na3 Nc6 7. Nb1 Nb4 8. c4
Nc2 9. cxd5 Nxa1 10. e4 Bxe4 11. Nc3 Bxd5 12. Nxd5 exd5 13. Ne5 Nf6 14. Qa4+ c6
15. Nxc6 bxc6 16. Qxc6+ Nd7 17. Bg5 Be7 18. Re1 f6 19. Bxf6 gxf6 20. Bxd5 Kf8
21. Qe6 Qe8 22. Bxa8 Nc2 23. Re4 Nb6 24. Bd5 Nxd5 25. Qxd5 Nb4 26. Qb7 Nc6 27.
b4 Nxb4 28. d5 Qd8 29. Rc4 Kf7 30. Rxb4 Qd6 31. Re4 Rd8 32. Qxa7 Rd7 33. Qe3
Qxd5 34. Rh4 Qd1+ 35. Kg2 Qd5+ 36. Kh3 Qf5+ 37. Kg2 Bc5 38. Qe2 Qd5+ 39. Kh3
Qf5+ 40. Kg2 Qd5+ 41. Kh3 Qe6+ 42. Qxe6+ Kxe6 43. Re4+ Kf5 44. Re2 Rd3 45. Kg2
Ra3 46. Kh3 h5 47. Rc2 Bd4 48. Re2 Ra7 49. Kh4 Ra4 50. Kh3 Be5 51. Kg2 h4 52.
Kh3 Ra8 53. Kg2 Ra7 54. Rc2 hxg3 55. hxg3 Ke4 56. Re2+ Kd3 57. Re3+ Kd2 58. Kf3
Bd4 59. Re6 Kd3 60. Kg4 Rxa2 61. f4 Rg2 62. Re8 Rg1 63. Rg8 Ke3 64. Kf5 Rc1 65.
Ra8 Rc5+ 66. Kg4 Rc3 67. Ra4 Ke4 68. Ra8 Ke3 69. Ra4 Rc8 70. Kf5 Rc5+ 71. Kg4
Rb5 72. Ra3+ Kf2 73. Rd3 Bb2 74. Rd2+ Ke3 75. Rc2 Rb3 76. Rh2 Bd4 77. Rh7 Rb8
78. Re7+ Kf2 79. Rd7 Bc3 80. Rc7 Bb2 81. Rc2+ Ke3 82. Rh2 Bd4 83. Ra2 Rg8+ 84.
Kh3 Kf3 0-1

[Event "Bundesliga 2021-22"]
[Site "Viernheim GER"]
[Date "2022.03.05"]
[Round "1.2"]
[Board "6"]
[White "Van Wely, Loek"]
[Black "Maiwald, Jens-Uwe"]
[Result "1-0"]
[WhiteTitle "GM"]
[BlackTitle "GM"]
[WhiteElo "2613"]
[BlackElo "2426"]
[WhiteTeam "SG Solingen"]
[BlackTeam "USV TU Dresden"]
[WhiteFideId "1000268"]
[BlackFideId "4612396"]
[EventDate "2022.03.05"]

1. d4 d6 2. Nf3 g6 3. c4 Bg7 4. Nc3 Nf6 5. e4 O-O 6. Be2 e5 7. O-O Na6 8. Be3 c6
9. d5 Ng4 10. Bg5 f6 11. Bh4 c5 12. Ne1 Nh6 13. f3 Nf7 14. Nd3 Bh6 15. a3 Be3+
16. Kh1 Bd7 17. b4 b6 18. Rb1 Qe7 19. Re1 Rfc8 20. Qb3 Kg7 21. Bf1 Bd2 22. Re2
Bg5 23. Bf2 h5 24. Qa2 h4 25. h3 Qd8 26. Reb2 Nc7 27. bxc5 dxc5 28. Bg1 Ne8 29.
a4 Ned6 30. a5 Qh8 31. Na4 Qh6 32. Naxc5 bxc5 33. Nxc5 Rxc5 34. Bxc5 Be3 35.
Bxd6 Nxd6 36. Qa3 Nf7 37. Rb8 1-0

[Event "Bundesliga 2021-22"]
[Site "Viernheim GER"]
[Date "2022.03.05"]
[Round "1.2"]
[Board "8"]
[White "Naumann, Alexander"]
[Black "Richter, Philipp"]
[Result "1-0"]
[WhiteTitle "GM"]
[WhiteElo "2514"]
[BlackElo "2225"]
[WhiteTeam "SG Solingen"]
[BlackTeam "USV TU Dresden"]
[WhiteFideId "4623169"]
[BlackFideId "16219929"]
[EventDate "2022.03.05"]

1. c4 c5 2. Nf3 Nf6 3. Nc3 Nc6 4. e3 e6 5. d4 cxd4 6. exd4 d5 7. Bg5 Be7 8. c5
Ne4 9. Bxe7 Qxe7 10. Qc2 Nxc3 11. Qxc3 e5 12. dxe5 O-O 13. O-O-O Be6 14. Bb5
Rfc8 15. Kb1 b6 16. Bxc6 Rxc6 17. Nd4 Rxc5 18. Qe3 Qd7 19. Qd3 Rac8 20. f4 g6
21. h3 f6 22. exf6 Rf8 23. g4 Rxf6 24. Rhe1 Qf7 25. Re5 Bd7 26. Rde1 Rxf4 27.
Re7 Re4 28. R1xe4 dxe4 29. Rxf7 exd3 30. Rxd7 Re5 31. Kc1 Re3 32. Kd2 Rxh3 33.
Ne6 h5 34. Rd8+ Kf7 35. Ng5+ Ke7 36. Nxh3 Kxd8 37. g5 Kd7 38. Kxd3 Ke6 39. Ke4
a6 40. Nf4+ Kf7 41. Ke5 1-0

[Event "Bundesliga 2021-22"]
[Site "Munich GER"]
[Date "2022.03.05"]
[Round "1.3"]
[Board "1"]
[White "Piorun, Kacper"]
[Black "Santos Latasa, Jaime"]
[Result "0-1"]
[WhiteTitle "GM"]
[BlackTitle "GM"]
[WhiteElo "2640"]
[BlackElo "2648"]
[WhiteTeam "SF Berlin"]
[BlackTeam "FC Bayern Muenchen"]
[WhiteFideId "1130420"]
[BlackFideId "2293307"]
[EventDate "2022.03.05"]

1. d4 d5 2. Nf3 Nf6 3. c4 e6 4. g3 Be7 5. Bg2 O-O 6. O-O dxc4 7. Qc2 a6 8. a4
Bd7 9. Bg5 Bc6 10. Rd1 b5 11. Bxf6 Bxf6 12. Nc3 Qe8 13. e4 g6 14. h4 Bb7 15. h5
Bg7 16. hxg6 hxg6 17. e5 c5 18. dxc5 Nd7 19. Ne4 Qe7 20. Rxd7 Qxd7 21. Nf6+ Bxf6
22. exf6 Bxf3 23. Bxf3 Rac8 24. Rd1 Qc7 25. axb5 axb5 26. c6 Rfd8 27. Re1 Qd6
28. Qc3 Qd3 29. Be4 Qd2 30. Ra1 Rd4 31. Qf3 Qxb2 32. Rb1 Qd2 33. Kg2 Qg5 34. Rb4
Qe5 35. Bc2 Qd5 0-1

[Event "Bundesliga 2021-22"]
[Site "Munich GER"]
[Date "2022.03.05"]
[Round "1.3"]
[Board "3"]
[White "Kraemer, Martin"]
[Black "Alonso Rosell, Alvar"]
[Result "1/2-1/2"]
[WhiteTitle "GM"]
[BlackTitle "GM"]
[WhiteElo "2584"]
[BlackElo "2565"]
[WhiteTeam "SF Berlin"]
[BlackTeam "FC Bayern Muenchen"]
[WhiteFideId "4671910"]
[BlackFideId "2270544"]
[EventDate "2022.03.05"]

1. d4 Nf6 2. c4 e6 3. Nf3 d5 4. g3 dxc4 5. Bg2 Bb4+ 6. Bd2 a5 7. Qc2 Bxd2+ 8.
Qxd2 c6 9. a4 Ne4 10. Qc2 Nd6 11. Nbd2 Na6 12. Nxc4 Nb4 13. Nxd6+ Qxd6 14. Qc3
O-O 15. O-O b6 16. Rfd1 Ba6 17. Rd2 Rac8 18. Ne5 Rfd8 19. Rad1 Qe7 20. e4 h6 21.
b3 Rd6 22. h4 Rcd8 23. Nc4 Bxc4 24. bxc4 e5 25. dxe5 Rxd2 26. Rxd2 Rxd2 27. Qxd2
Qxe5 28. Qd8+ Kh7 29. Qxb6 Nd3 30. Qxc6 Qd4 31. Qd5 Qxf2+ 32. Kh2 Nc5 33. e5 g6
34. Qd8 Ne4 35. Qd3 Nc5 36. Qc3 Ne4 37. Qd3 Nc5 38. Qc3 Ne4 39. Qf3 Qxf3 40.
Bxf3 Nc5 41. Bc6 Kg7 42. Kg2 f6 43. exf6+ Kxf6 44. Kf3 g5 45. hxg5+ hxg5 46. Kg4
Kg6 47. Be8+ Kf6 48. Bb5 Kg6 49. Bc6 Ne6 50. Be4+ Kf6 51. Kh5 Nc5 52. Bc2 Nd7
53. Kh6 Nc5 54. Kh7 Kf7 55. Kh6 Kf6 56. Kh5 Nd7 57. Be4 Nc5 58. Bc6 Nd3 59. Bb5
Kf5 60. Bd7+ Kf6 61. Bc6 Kf5 62. Kh6 Kf6 63. Kh7 Kf7 64. Bd5+ Kf6 65. Bc6 Kf7
66. Bd5+ Kf6 67. Kg8 Nb2 68. Be4 1/2-1/2

[Event "Bundesliga 2021-22"]
[Site "Munich GER"]
[Date "2022.03.05"]
[Round "1.3"]
[Board "7"]
[White "Hess, Max"]
[Black "Lokander, Martin"]
[Result "1/2-1/2"]
[WhiteTitle "FM"]
[BlackTitle "IM"]
[WhiteElo "2392"]
[BlackElo "2475"]
[WhiteTeam "SF Berlin"]
[BlackTeam "FC Bayern Muenchen"]
[WhiteFideId "24656666"]
[BlackFideId "1709569"]
[EventDate "2022.03.05"]

1. Nf3 d5 2. d4 Nf6 3. g3 c5 4. Bg2 cxd4 5. O-O h6 6. b3 h5 7. h3 g6 8. Nxd4 h4
9. g4 e5 10. Nb5 a6 11. N5c3 d4 12. g5 Nh7 13. Ne4 Be7 14. f4 Bf5 15. e3 Nc6 16.
Bb2 dxe3 17. Qe1 Qb6 18. Nbc3 O-O-O 19. Na4 Qa7 20. Kh1 Rhe8 21. Bc1 exf4 22.
Rxf4 Qd4 23. Bxe3 Qe5 24. Rxh4 b5 25. Bf4 Qe6 26. Nb6+ Kb7 27. Rxh7 Kxb6 28.
Qf2+ Nd4 29. Ng3 Bc5 30. b4 Bxb4 31. c3 Bxc3 32. Rc1 b4 33. Nxf5 Qxf5 34. Bc7+
Kb5 35. Qf1+ Ne2 36. Bxd8 Qd3 37. Qxf7 Rxd8 38. Qb7+ Ka4 39. Qc6+ Ka3 40. Rxc3+
Nxc3 41. Rf7 a5 42. Rf3 Qd1+ 43. Rf1 Qd3 44. Rf3 Qc2 45. Qc4 Rd1+ 46. Kh2 Rd2
47. Rg3 a4 48. h4 Qd1 49. Rg4 Nxa2 50. h5 gxh5 51. Rg3+ Kb2 52. g6 Rd4 53. Qf7
h4 54. Rf3 h3 55. Rf2+ Rd2 56. g7 hxg2 57. Rxd2+ Qxd2 58. g8=Q b3 59. Qxg2 Qxg2+
60. Kxg2 a3 61. Qf2+ Kb1 62. Qf5+ Ka1 63. Qf1+ Kb2 64. Qe2+ Kb1 65. Qd3+ Kb2 66.
Qd2+ Kb1 67. Qd3+ 1/2-1/2

[Event "Bundesliga 2021-22"]
[Site "Munich GER"]
[Date "2022.03.05"]
[Round "1.4"]
[Board "1"]
[White "Stern, Rene"]
[Black "Jones, Gawain C B"]
[Result "1/2-1/2"]
[WhiteTitle "GM"]
[BlackTitle "GM"]
[WhiteElo "2510"]
[BlackElo "2672"]
[WhiteTeam "SK Koenig Tegel"]
[BlackTeam "Muenchener Schachclub 1836"]
[WhiteFideId "4611799"]
[BlackFideId "409561"]
[EventDate "2022.03.05"]

1. Nf3 c5 2. c4 Nc6 3. Nc3 e5 4. g3 g6 5. Bg2 Bg7 6. a3 Nge7 7. Rb1 O-O 8. d3 d5
9. cxd5 Nxd5 10. Nxe5 Nxc3 11. Nxc6 Qb6 12. Ne7+ Kh8 13. Nd5 Nxd5 14. Bxd5 Be6
15. Bxe6 Qxe6 16. O-O c4 17. dxc4 Qxc4 18. b3 Qa6 19. Qd3 Qxd3 20. exd3 Rfd8 21.
Rd1 Rac8 22. Kf1 Bd4 23. Bb2 1/2-1/2

[Event "Bundesliga 2021-22"]
[Site "Munich GER"]
[Date "2022.03.05"]
[Round "1.4"]
[Board "2"]
[White "Saric, Ivan"]
[Black "Rabiega, Robert"]
[Result "1-0"]
[WhiteTitle "GM"]
[BlackTitle "GM"]
[WhiteElo "2687"]
[BlackElo "2505"]
[WhiteTeam "Muenchener Schachclub 1836"]
[BlackTeam "SK Koenig Tegel"]
[WhiteFideId "14508150"]
[BlackFideId "4601475"]
[EventDate "2022.03.05"]

1. e4 e5 2. Nf3 Nf6 3. Nxe5 d6 4. Nf3 Nxe4 5. d4 d5 6. Bd3 Bd6 7. O-O O-O 8. c4
c6 9. Qc2 Na6 10. a3 f5 11. Nc3 Nc7 12. b4 Be6 13. c5 Be7 14. Ne5 Bg5 15. f3
Bxc1 16. Qxc1 Nxc3 17. Qxc3 f4 18. Ra2 Qg5 19. b5 cxb5 20. Qa5 Qe7 21. Rc1 Rfc8
22. Rac2 Bd7 23. Qd2 Rf8 24. Nxd7 Qxd7 25. c6 bxc6 26. Rxc6 Ne8 27. Qb4 Nf6 28.
Bxb5 Qf5 29. Rc7 Qg5 30. Qe7 Rab8 31. a4 a6 32. Qe6+ Kh8 33. Qxa6 h6 34. Qd6 Ng4
35. Rf7 1-0

[Event "Bundesliga 2021-22"]
[Site "Munich GER"]
[Date "2022.03.05"]
[Round "1.4"]
[Board "3"]
[White "Richter, Michael"]
[Black "Martinovic, Sasa"]
[Result "0-1"]
[WhiteTitle "GM"]
[BlackTitle "GM"]
[WhiteElo "2496"]
[BlackElo "2554"]
[WhiteTeam "SK Koenig Tegel"]
[BlackTeam "Muenchener Schachclub 1836"]
[WhiteFideId "4618920"]
[BlackFideId "14509792"]
[EventDate "2022.03.05"]

1. e4 c5 2. Nf3 d6 3. Bb5+ Nd7 4. Ba4 Nf6 5. c4 g6 6. Nc3 Bg7 7. O-O O-O 8. d4
cxd4 9. Nxd4 Nb6 10. Bb3 Nfd7 11. Bg5 h6 12. Bh4 Ne5 13. Rc1 g5 14. Bg3 Nbxc4
15. Nd5 Nxb2 16. Qe2 Nbd3 17. Rcd1 e6 18. f4 gxf4 19. Nxf4 Nxf4 20. Bxf4 Bd7 21.
Kh1 Qe7 22. Qh5 Qf6 23. Bg3 Qg5 24. Qe2 a6 25. Nf3 Qh5 26. a4 Rad8 27. Rd2 Bc6
28. Rfd1 Nxf3 29. gxf3 Be5 30. Rg1 Kh7 31. Qd3 Rg8 32. f4 Qg6 33. Bc2 Bxf4 34.
Rdg2 Bxg3 35. Rxg3 Qh5 36. R1g2 Qe5 37. Qf3 f5 38. Qh5 Qa1+ 39. Rg1 Qf6 40. R1g2
Rxg3 0-1

[Event "Bundesliga 2021-22"]
[Site "Munich GER"]
[Date "2022.03.05"]
[Round "1.4"]
[Board "5"]
[White "Fruebing, Stefan"]
[Black "Berchtenbreiter, Maximilian"]
[Result "0-1"]
[WhiteTitle "IM"]
[BlackTitle "IM"]
[WhiteElo "2374"]
[BlackElo "2513"]
[WhiteTeam "SK Koenig Tegel"]
[BlackTeam "Muenchener Schachclub 1836"]
[WhiteFideId "4682165"]
[BlackFideId "24641120"]
[EventDate "2022.03.05"]

1. e4 c6 2. d4 d5 3. Nd2 dxe4 4. Nxe4 Nf6 5. Nxf6+ exf6 6. Bc4 Bd6 7. Qe2+ Be7
8. Nf3 O-O 9. O-O Nd7 10. Re1 Re8 11. b3 Nf8 12. Ba3 Be6 13. Bxe7 Rxe7 14. c3
Qa5 15. Qb2 Rae8 16. Bxe6 Nxe6 17. Qd2 g5 18. Re3 Nf4 19. Rae1 Re6 20. Rxe6 Rxe6
21. Rxe6 fxe6 22. Kf1 Qf5 23. Ne1 b5 24. g3 Nd5 25. Nd3 Qf3 26. Kg1 h5 27. c4
bxc4 28. bxc4 Nb6 29. Nc5 h4 30. Qe1 e5 31. Qb1 f5 32. Qc1 h3 33. Qf1 g4 34.
dxe5 Qc3 35. Qd1 Qxe5 36. Nd3 Qe4 37. Nf4 Kf7 38. f3 Qe3+ 39. Kf1 gxf3 40. Nxh3
Qh6 41. Nf4 Qxh2 42. Qxf3 Nxc4 43. Qd3 Qh1+ 44. Kf2 Qe4 45. Qd7+ Kf6 46. Qxa7
Ne5 47. Kg1 Ng4 48. Nh5+ Kg5 49. Nf4 Qe1+ 50. Kg2 Ne3+ 51. Kh2 Qf2+ 52. Kh3 Qf1+
53. Kh2 Ng4# 0-1

[Event "Bundesliga 2021-22"]
[Site "Munich GER"]
[Date "2022.03.05"]
[Round "1.4"]
[Board "6"]
[White "Yankelevich, Lev"]
[Black "Rietze, Clemens"]
[Result "1-0"]
[WhiteTitle "IM"]
[BlackTitle "FM"]
[WhiteElo "2459"]
[BlackElo "2279"]
[WhiteTeam "Muenchener Schachclub 1836"]
[BlackTeam "SK Koenig Tegel"]
[WhiteFideId "24684074"]
[BlackFideId "24620351"]
[EventDate "2022.03.05"]

1. d4 Nf6 2. c4 e6 3. Nf3 d5 4. g3 Bb4+ 5. Bd2 Bd6 6. Bg2 O-O 7. O-O c6 8. Nc3
Nbd7 9. b3 b6 10. e4 dxe4 11. Ng5 Bb7 12. Ngxe4 Be7 13. Bf4 Nxe4 14. Nxe4 Nf6
15. Qd3 Qd7 16. Ng5 Rad8 17. Rfd1 c5 18. Bxb7 Qxb7 19. Qf3 Qc8 20. dxc5 Qxc5 21.
Qe2 Qf5 22. Nf3 Bc5 23. Be3 Qe4 24. Rxd8 Rxd8 25. Rd1 Rxd1+ 26. Qxd1 h6 27. Bxc5
bxc5 28. Ne1 Nd7 29. Nf3 Qc6 30. Qd3 g5 31. Qe3 f6 32. Nd2 Kf7 33. Ne4 f5 34.
Nc3 Qd6 35. Nb5 Qd1+ 36. Kg2 a6 37. Nc3 Qc2 38. Qf3 Ne5 39. Qe3 Kf6 40. Na4 Qxa2
41. Nxc5 Qa1 42. Qd2 Nf7 43. Qd7 Qe5 44. b4 f4 45. Qe8 Qf5 46. Nd7+ Kg7 47. Qf8+
Kh7 48. Qa8 Nd6 49. c5 Nb5 50. f3 fxg3 51. hxg3 Nc3 52. Qf8 Nd5 53. c6 Ne3+ 54.
Kg1 Qb1+ 55. Kf2 Nd1+ 56. Kf1 Qc2 57. Nf6+ Kg6 58. Ng4 Qd3+ 59. Ke1 Ne3 1-0

[Event "Bundesliga 2021-22"]
[Site "Kiel GER"]
[Date "2022.03.05"]
[Round "1.5"]
[Board "1"]
[White "Koch, Thomas1"]
[Black "Lupulescu, Constantin"]
[Result "0-1"]
[WhiteTitle "IM"]
[BlackTitle "GM"]
[WhiteElo "2458"]
[BlackElo "2622"]
[WhiteTeam "Aachener SV"]
[BlackTeam "SK Doppelbauer Turm Kiel"]
[WhiteFideId "4600533"]
[BlackFideId "1207822"]
[EventDate "2022.03.05"]

1. d4 Nf6 2. c4 e6 3. Nf3 d5 4. Nc3 Nbd7 5. cxd5 exd5 6. Bg5 c6 7. e3 h6 8. Bh4
g5 9. Bg3 Nh5 10. Bd3 Nxg3 11. fxg3 Bg7 12. O-O Nb6 13. Nd2 Qe7 14. Qf3 O-O 15.
g4 Bxg4 16. Qg3 Rae8 17. Rae1 Bc8 18. Bf5 Bxf5 19. Rxf5 Nc8 20. h4 Nd6 21. Rff1
f5 22. hxg5 hxg5 23. Nf3 g4 24. Nh4 Rf6 25. Nd1 Qf7 26. Nf2 Qh5 27. Qh2 Rh6 28.
g3 Bf6 29. Kg2 Bxh4 30. Rh1 Nc4 31. Nd1 f4 32. Qxh4 Qxh4 33. gxh4 Rhe6 34. h5
Nxe3+ 35. Nxe3 Rxe3 36. Rxe3 Rxe3 37. Rh4 f3+ 0-1